02225nam a2200289 a 4500001000200000003000400002005001700006008004100023020001500064040002600079082003000105240002600135245015200161246006600313260003500379300004100414500012800455504005600583504002900639505096100668651004901629651008301678700004101761700002501802710005601827710005201883 OSt20220114100147.0090814s2004 dr ac 001 0 spa d a9993448133 aDO-SdBNPbspacBPMSU  a342.7293 bC758m 200422200aConstitución.f196300aConstitución de 1963, 40 años después :bvigencia y perspectivas /cedición Aura Celeste Fernández R. ... [et al.] ; prólogo Jorge Nef.13aPonencias del Panel realizado en UNIBE el 29 de abril de 2003 aSanto Domingo :bUNIBE,c2004. axli, 230 p. :bil., retrs. ;c22 cm. aCon la colaboración del Programa de Estudios Latinoamericanos, caribeños y Latinos de la Universidad del Sur de Florida aIncluye bibliografía y notas al pie de páginas. aBibliografía: p.39-41.0 gPresentación /rAura Celeste Fernández R. --gPrólogo /rJorge Nef. --tPalabras de bienvenida al panel /rGustavo Batista Vergas; Diomedes Núñez Polanco; Aura Celeste Fernández R.; Guillermo Moreno --tLos derechos sociales en la Constitución de 1963 /rRafael f. Albuquerque --tLa Constitución de 1963 y sus antecedentes /rLuis Gómez Pérez --tDerechos humanos en la Constitución de 1963 /rCesar Pina Toribio --tFactores que incidieron en formación de la Constitución de 1963 /rFlavio Darío Espinal Jacobo --tTrascendencia histórica de la Constitución de 1963: insinuaciones para la renovación democrática y popular dominicana /rJosé Antínoe Fiallo Billini --tImpacto de la Constitución de 1963 en la prensa /rRafael Molina Morillo --tEl legado de la Constitución de 1963 a la reforma constitucional pendiente /rLeyda Margarita Piña --gPalabras de cierre del evento /rDaniel Beltré --gAnexos. 4aRepública Dominicana xConstitución,1963 4aRepública Dominicana xDerecho constitucional xEnsayos, conferencias, etc. 1 aFernández R., Aura Celeste,d1958-1 aNef, Jorge,epról.1 aUniversidad Iberoamericana (República Dominicana)1 aFundación Juan Bosch (República Dominicana)